Reviewer for Civil Service Examination / (Record no. 5351)
[ view plain ]
| 000 -LEADER | |
|---|---|
| fixed length control field | 00989nam a22003017a 4500 |
| 003 - CONTROL NUMBER IDENTIFIER | |
| control field | OSt |
| 005 - DATE AND TIME OF LATEST TRANSACTION | |
| control field | 20251030071304.0 |
| 008 - FIXED-LENGTH DATA ELEMENTS--GENERAL INFORMATION | |
| fixed length control field | 251030b |||||||| |||| 00| 0 eng d |
| 020 ## - INTERNATIONAL STANDARD BOOK NUMBER | |
| International Standard Book Number | 978-621-8035-29-4 |
| 040 ## - CATALOGING SOURCE | |
| Original cataloging agency | DWCL - Main Lib |
| Transcribing agency | OC |
| 082 ## - DEWEY DECIMAL CLASSIFICATION NUMBER | |
| Classification number | Prof. 351.076 R454 2018 |
| 100 ## - MAIN ENTRY--PERSONAL NAME | |
| Personal name | Corpuz, Brenda B. [and 8 others] |
| 245 ## - TITLE STATEMENT | |
| Title | Reviewer for Civil Service Examination / |
| Statement of responsibility, etc. | Brenda B. Corpuz [and 8 others] |
| 260 ## - PUBLICATION, DISTRIBUTION, ETC. | |
| Place of publication, distribution, etc. | Metro Manila, Philippines : |
| Name of publisher, distributor, etc. | Lorimar Publishing, Inc., |
| Date of publication, distribution, etc. | c2018. |
| 300 ## - PHYSICAL DESCRIPTION | |
| Extent | viii , 120 pages ; |
| Dimensions | 26 cm. |
| 650 ## - SUBJECT ADDED ENTRY--TOPICAL TERM | |
| Topical term or geographic name entry element | 1. Civil Service - Examination |
| 650 ## - SUBJECT ADDED ENTRY--TOPICAL TERM | |
| Topical term or geographic name entry element | 2. Civil Service - Reviewer |
| 700 ## - ADDED ENTRY--PERSONAL NAME | |
| Personal name | I. Brenda B. Corpuz |
| 700 ## - ADDED ENTRY--PERSONAL NAME | |
| Personal name | II. Milagros L. Borabo |
| 700 ## - ADDED ENTRY--PERSONAL NAME | |
| Personal name | III. Nelia G. Prieto |
| 700 ## - ADDED ENTRY--PERSONAL NAME | |
| Personal name | IV. Alvin S. Sicat |
| 700 ## - ADDED ENTRY--PERSONAL NAME | |
| Personal name | V. Celia D. Andas |
| 700 ## - ADDED ENTRY--PERSONAL NAME | |
| Personal name | VI. Felina P. Espique |
| 700 ## - ADDED ENTRY--PERSONAL NAME | |
| Personal name | VII. Elmer B. De Leon |
| 700 ## - ADDED ENTRY--PERSONAL NAME | |
| Personal name | VIII. Melchor S. Julianes |
| 700 ## - ADDED ENTRY--PERSONAL NAME | |
| Personal name | IX. Ruben A. Corpuz |
| 942 ## - ADDED ENTRY ELEMENTS (KOHA) | |
| Source of classification or shelving scheme | Dewey Decimal Classification |
| Koha item type | Professional Collections |
| Call number suffix | Prof. |
| Suppress in OPAC | No |
| 952 ## - LOCATION AND ITEM INFORMATION (KOHA) | |
| -- | |
| Withdrawn status | Lost status | Source of classification or shelving scheme | Damaged status | Not for loan | Home library | Current library | Date acquired | Source of acquisition | Total Checkouts | Full call number | Barcode | Date last seen | Copy number | Price effective from | Koha item type | Uniform Resource Identifier |
|---|---|---|---|---|---|---|---|---|---|---|---|---|---|---|---|---|
| Dewey Decimal Classification | Junior High School Library | Junior High School Library | 03/21/2024 | School Fund | Prof. 351.076 R454 2018 | JHS - 21319 | 10/30/2025 | c1 | 10/30/2025 | PROF. |